Marketing v zdravotníckom systéme diplomová práca

Guardado en:
Detalles Bibliográficos
Autor principal: Pavlíková, Miroslava
Autor Corporativo: Obchodná fakulta EU. Katedra marketingu
Otros Autores: Rehák, Róbert, 1984-
Formato: Libro
Lenguaje:eslovaco
Publicado: Bratislava 2014
Etiquetas: Agregar Etiqueta
Sin Etiquetas, Sea el primero en etiquetar este registro!

MARC

LEADER 00000nbm a2200000 4500
001 0185952
005 20170201094034.3
041 0 |a slo 
044 |a SK 
245 1 0 |a Marketing v zdravotníckom systéme  |b diplomová práca  |c Miroslava Pavlíková ; školiteľ: Róbert Rehák 
264 1 |a Bratislava  |c 2014 
300 |a 65 s. 
100 1 |a Pavlíková, Miroslava 
700 1 |a Rehák, Róbert, 1984- 
710 2 |a Obchodná fakulta EU. Katedra marketingu